बाबू : (Record no. 116529)

MARC details
000 -LEADER
fixed length control field 00992nam a22002537a 4500
005 - DATE AND TIME OF LATEST TRANSACTION
control field 20170124103040.0
010 ## - LIBRARY OF CONGRESS CONTROL NUMBER
LC control number A-830888
020 ## - INTERNATIONAL STANDARD BOOK NUMBER
Terms of availability 150.00
International Standard Book Number 8171450830
035 ## - SYSTEM CONTROL NUMBER
System control number A-830888
037 ## - SOURCE OF ACQUISITION
Source of stock number/acquisition Cen Lib/Ret
040 ## - CATALOGING SOURCE
Original cataloging agency DPL
Language of cataloging HN
082 ## - DEWEY DECIMAL CLASSIFICATION NUMBER
Classification number
Item number कुसुम
100 ## - MAIN ENTRY--PERSONAL NAME
Personal name कुसुम मटोरबी, एम
9 (RLIN) 67004
245 ## - TITLE STATEMENT
Title बाबू :
Statement of responsibility, etc एम कुसुम मटोरबी
Remainder of title उपन्यास /
246 ## - VARYING FORM OF TITLE
Title proper/short title Babu : upanyas /
Remainder of title by M. Kusum Mataurbi
260 ## - PUBLICATION, DISTRIBUTION, ETC. (IMPRINT)
Place of publication, distribution, etc दिल्ली
Name of publisher, distributor, etc सन्मार्ग प्रकाशन
Date of publication, distribution, etc 1996
270 ## - ADDRESS
Address 16, यू बी. बैंगलो रोड, जवाहर नगर
City दिल्ली
Postal code 110007
300 ## - PHYSICAL DESCRIPTION
Extent 208पृ.
Dimensions 21सेमी (सजिल्द)
650 ## - SUBJECT ADDED ENTRY--TOPICAL TERM
Topical term or geographic name as entry element हिन्दी साहित्य
9 (RLIN) 67005
650 ## - SUBJECT ADDED ENTRY--TOPICAL TERM
Topical term or geographic name as entry element उपन्यास
9 (RLIN) 67006
650 ## - SUBJECT ADDED ENTRY--TOPICAL TERM
Topical term or geographic name as entry element Hindi literature
9 (RLIN) 67007
650 ## - SUBJECT ADDED ENTRY--TOPICAL TERM
Topical term or geographic name as entry element Fiction
9 (RLIN) 8901
942 ## - ADDED ENTRY ELEMENTS (KOHA)
Source of classification or shelving scheme Dewey Decimal Classification
Koha item type Hindi Books
Classification part
Call number suffix कुसुम
Holdings
Withdrawn status Lost status Damaged status Not for loan Home library Current library Date acquired Source of acquisition Cost, normal purchase price Total Checkouts Full call number Barcode Date last seen Copy number Cost, replacement price Price effective from Koha item type Source of classification or shelving scheme Public note
        Central Library Central Library 24/08/2015 Cen Lib/Ret 150.00   उ कुसुम A-830888 24/08/2015 1 150.00 24/08/2015 Hindi Books    
Written off       Central Library Central Library 26/10/2016 Cen Lib/Ret 150.00   उ कुसुम A-830876 26/10/2016 2 150.00 26/10/2016 Hindi Books Dewey Decimal Classification Written off on approval by DLB (By Circulation); dtd 15-06-2023

© Delhi Public Library
Hit Counter
free hit counter